000 00751nam a2200241 a 4500
001 56887
003 BD-RjUL
005 20211209080439.0
008 161204s1960 enk||||| |||| 001 0 eng d
035 _a(BD-RjUL)57011
040 _aBD-RjUL
_beng
_cBD-RjUL
_dBD-RjUL
041 _aeng
082 _223
_a150.195
_bSUZ 1960
100 _aSuzuki, Daisetz Teitaro.
_9169114
245 _aZen Buddhism and psychoanalysis /
_cDaisetz Teitaro Suzuki, Erich Fromm, Richard De Martino.
260 _aLondon :
_bGeorge Allien & Unwin Ltd.
_cc 1960
300 _aviii, 180 p. ;
_c22 cm.
500 _aIncludes index
650 _a psychoanalysis.
_9117923
700 _aFromm, Erich.
_9169116
700 _a Martino, Richard De.
_9169117
942 _2ddc
_cBK
999 _c56887
_d56887